UM Logo

California : (Record no. 19071)

MARC details
000 -LEADER
fixed length control field 00601nam a22001697a 4500
008 - FIXED-LENGTH DATA ELEMENTS--GENERAL INFORMATION
fixed length control field 240212b ||||| |||| 00| 0 eng d
020 ## - INTERNATIONAL STANDARD BOOK NUMBER
International Standard Book Number 087484441X
082 ## - DEWEY DECIMAL CLASSIFICATION NUMBER
Edition number 1983
Classification number DC 979.4
Item number M61
100 ## - MAIN ENTRY--PERSONAL NAME
Personal name Miller, Crane S.
9 (RLIN) 52139
245 ## - TITLE STATEMENT
Title California :
Remainder of title the geography of diversity /
Statement of responsibility, etc. Crane S. Miller and Richard S. Hyslop.
260 ## - PUBLICATION, DISTRIBUTION, ETC. (IMPRINT)
Name of publisher, distributor, etc. Mayfield Publishing Company,
Date of publication, distribution, etc. ©1983
300 ## - PHYSICAL DESCRIPTION
Extent xi, 255 pages :
Other physical details illustrations ;
Dimensions 30 cm.
500 ## - GENERAL NOTE
General note Includes bibliography and index.
650 ## - SUBJECT ADDED ENTRY--TOPICAL TERM
Topical term or geographic name as entry element Human geography
Geographic subdivision California.
9 (RLIN) 52140
700 ## - ADDED ENTRY--PERSONAL NAME
Personal name Hyslop, Richard S.
Relator term author.
9 (RLIN) 52141
942 ## - ADDED ENTRY ELEMENTS (KOHA)
Source of classification or shelving scheme Dewey Decimal Classification
Koha item type Circulation
Holdings
Withdrawn status Lost status Source of classification or shelving scheme Damaged status Not for loan Collection code Home library Current library Source of acquisition Total Checkouts Full call number Barcode Date last seen Copy number Price effective from Koha item type Date acquired
    Dewey Decimal Classification     Circulation UM Digos College - LIC UM Digos College - LIC Donation   DC 979.4 M61 1983 15704 05/15/2025 3 02/12/2024 Circulation  
    Dewey Decimal Classification     Circulation UM Digos College - LIC UM Digos College - LIC Donation   DC 979.4 M61 1983 15702 05/15/2025 1 02/12/2024 Circulation 08/27/2003
    Dewey Decimal Classification     Circulation UM Digos College - LIC UM Digos College - LIC Donation   DC 979.4 M61 1983 15703 05/15/2025 2 02/12/2024 Circulation 08/27/2003